000 00299nam a22001337a 4500
008 171124b xxu||||| |||| 00| 0 eng d
020 _a9780201569476
041 _aeng
080 _25TH
_a62
100 _a27
101 _aIM
245 _aMECHANICAL MEASUREMENTS
_cBECKWITH,TH,G
942 _2udc
_cBK
999 _c38456
_d38456